Joint report on social protection and social inclusion, 2007

Detalles Bibliográficos
Autor Corporativo: Comisin̤ Europea (Bruselas). Direccin̤ General de Empleo, Asuntos Sociales e Igualdad de Oportunidades
Formato: Desconocido
Lenguaje:inglés
Publicado: Luxembourg : Office for Official Publications of the European Communities, 2007.
Materias:
Acceso en línea:Acceso restringido

MARC

LEADER 00000ny a22000003n 4500
005 20110615115314.0
008 071008s2007 lu 000 0 eng c
020 |a 9789279055614 
035 |a 4605 
040 |a SpMaUCBEM  |d vLex 
090 |c 694  |d 694 
245 0 0 |a Joint report on social protection and social inclusion, 2007  |h [Recurso electrn̤ico]  |c European Commission, Directorate-General for Employment, Social Affairs and Equal Opportunities. 
256 |a Servicio en ln̕ea 
260 |a Luxembourg :  |b Office for Official Publications of the European Communities,  |c 2007. 
300 |a 418 p. ;  |c 30 cm. 
506 1 |a Contenido solo disponible en los productos indicados  |d vLex Global  |d vLex Global (Academic Edition, excluding Law Schools)  |d vLex Global (U.S. Academic Edition, Law Schools)  |d vLex Global (U.S. Academic Edition, excluding Law Schools)  |d vLex Global (Academic Edition, Law Schools) 
650 0 4 |a Integracin̤ social  |x Polt̕ica social  |z Europa 
650 0 4 |a Integracin̤ social 
710 2 |a Comisin̤ Europea (Bruselas).  |b Direccin̤ General de Empleo, Asuntos Sociales e Igualdad de Oportunidades. 
740 0 |a vLex Libros (Servicios en ln̕ea) 
856 4 0 |u http://vlex.com/source/4605  |z Acceso restringido 
942 |c BOOK 
999 0 4 |a Social integration  |b Luxembourg 
999 0 4 |a Polt̕ica social europea. 
999 0 4 |a Reinsercin̤ social.